000 01007nam a22003377a 4500
001 BR2015005086
003 BR-BrBNA
005 20230928104722.0
007 ta
008 230509b bl.||||| |||| 00| 0 por d
040 _aBR-BrBNA
_bpor
_cBiblioteca Nacional de Agricultura
041 _a(Por)
072 _aF50; F70
_b2890
090 _ 2890 BR2015005086
100 1 _aSouza filho, A.P. da S. (ed.)
100 1 _aNascimento, J.L.M. do (ed.)
110 1 _aEmpresa Brasileira de Pesquisa Agropecuária, Brasília, DF (Brasil)
245 1 _aTimbó: aspectos botânicos e moléculas bioativas
250 1 _a1. ed.
260 3 _aBrasília, DF (Brasil):
_c2012.
300 _a94 p.
500 _aIncludes several bibliographies; Summary (Por); 11 illus.; 11 tables
650 _aTIMBÓ
650 _aBOTÂNICA
650 _aPLANTA PRODUTORA DE PESTICIDA
650 _aESPÉCIE
650 _aNOMENCLATURA
650 _aCITOLOGIA
909 _a202309
_bLucia
_c55
_dLucia Elande
942 _cBK
999 _c81376
_d81376